La Evolución pedagógica : órgano del Museo Pedagógico Experimental órgano del Museo Pedagógico Experimental
Descripción Física:
4 volums : il·lustracions, periodicitat mensual ; 25 cm
Materias:
Pedagogia -- Revistes
Idioma:
Español
MARC
| LEADER | 00000nas a2200000 a 4500 | ||
|---|---|---|---|
| 003 | Arxiu | ||
| 005 | 20260324180119.0 | ||
| 008 | 160829d1909 spcmr px spa c | ||
| 040 | |a AGDB | ||
| 080 | |a Revistes | ||
| 245 | 0 | 3 | |a La Evolución pedagógica : |b órgano del Museo Pedagógico Experimental |
| 260 | |a Barcelona : |b Museo Pedagógico Experimental, |c 1909- | ||
| 300 | |a 4 volums : |b il·lustracions, periodicitat mensual ; |c 25 cm | ||
| 310 | |a Trimestral | ||
| 362 | |a Año 1, no. 1 (abr. 1909)- | ||
| 500 | |a Subtítol a la coberta: metodización, investigaciónes científicas, información | ||
| 590 | |a Mensual. | ||
| 590 | |a Bibliografia . | ||
| 590 | |a Prové de 2372, exp. 9 | ||
| 650 | |a Pedagogia |x Revistes |9 41411 | ||
| 710 | 2 | |a Museo Pedagógico Experimental (Barcelona, Catalunya) |9 56538 | |
| 866 | |a Any 1, 1909 (1, 2, 3, 4) | ||
| 901 | |a Arxiu | ||
| 942 | |n 1 |2 udc |c REV | ||
| 952 | |0 0 |1 0 |4 0 |7 1 |9 53440 |a Arxiu |b Arxiu |d 2016-12-01 |h Año 1, núm. 1 (abril 1909)-Año 1, núm. 4 (julio 1909) |o Rev-2185 |p 28043 |r 2016-12-01 00:00:00 |w 2016-12-01 |y ARXIU | ||
| 999 | |c 57306 |d 57306 | ||